00921cam a22002534a 4500020003100000020002800031020002400059020002100083040000800104082001700112245006800129260015000197300003600347650001700383650003300400650002000433650002400453650002000477650004100497700002100538700002100559710006100580710002600641 a9781845937140 (alk. paper) a1845937147 (alk. paper) a9789251065464 (FAO) a9251065462 (FAO) cDLC a362 CAB 201100aCombating micronutrient deficiencies :bfood-based approaches / aRome, Italy :bFood and Agriculture Organization of the United Nations ;aWallingford, Oxfordshire ;aCambridge, MA :bCAB International,cc2011. axxxii, 397 p. :bill. ;c25 cm. 0aMalnutrition 0aTrace elements in nutrition. 0aEnriched foods.12aNutrition Disorders22aMicronutrients.22aNutritional Physiological Phenomena.1 aThompson, Brian,1 aAmoroso, Leslie,2 aFood and Agriculture Organization of the United Nations.2 aC.A.B. International.